00507nam a22001697a 4500003000400000020001900004082001800023100002400041245003500065250000800100260005300108300001000161650001900171942001200190952011800202999001700320SGT a978-9351298175 a617.645bF17S aSinghal, Rameshwari aFundamentals of Periodontology a1ST aDelhi India bWolters Kluwer India Pvt Ltdc2017 a1-614 aPeriodontology 2ddccBK 00102ddc4070aFDbFDcTXTd2021-09-14eABCiSGTUl0o617.645 F17SpFD8468r2021-09-14 00:00:00w2021-09-14yBK c21860d21860